00477nam a2200205Ia 4500003000900000008004100009040001300050040001300063041000800076100001600084245007200100250000900172260001900181260000900200300001100209300001000220490002600230490000600256710000900262IT-RoPAU120407s9999 xx 000 0 und d aIT-RoPAU cIT-RoPAU aita aS. De Fiore aCentenario della beatificazione di Grignon de Monfort (1888-1988)  aRoma aEd. Monfortane c1989 a162 p. c24 cm a Quaderni monfortani  v6 aetc.